Исследование тепловых свойств инварной керамики (ZrO2 -Al2O3) - ZrW2O8; Высокие технологии в современной науке и технике (ВТСНТ-2016)

מידע ביבליוגרפי
Parent link:Высокие технологии в современной науке и технике (ВТСНТ-2016).— 2016.— [С. 111-112]
מחבר ראשי: Кондратенко А. И.
מחבר תאגידי: Национальный исследовательский Томский политехнический университет (ТПУ) Институт физики высоких технологий (ИФВТ) Кафедра материаловедения в машиностроении (ММС)
מחברים אחרים: Ше В. Р. (научный руководитель), Дедова Е. С. Елена Сергеевна
סיכום:Заглавие с титульного экрана
Керамические композиты (ZrO2 - 20 об% Al2O3) - ZrW2O8, получены методом горячего прессования и свободного спекания. Определено влияние вольфрамата циркония на тепловые свойства керамических композиционных материалов. Показано, что введение ZrW2O8 приводит к понижению значений коэффициента термического расширения композитов.
שפה:רוסית
יצא לאור: 2016
סדרה:Технологии материалов новых поколений и наноматериалов
נושאים:
גישה מקוונת:http://earchive.tpu.ru/handle/11683/36450
פורמט: MixedMaterials אלקטרוני Book Chapter
KOHA link:https://koha.lib.tpu.ru/cgi-bin/koha/opac-detail.pl?biblionumber=621759

MARC

LEADER 00000naa2a2200000 4500
001 621759
005 20231101133158.0
035 |a (RuTPU)RU\TPU\conf\20375 
035 |a RU\TPU\conf\20374 
090 |a 621759 
100 |a 20170118d2016 k y0rusy50 ca 
101 0 |a rus 
102 |a RU 
105 |a y z 101zy 
135 |a drcn ---uucaa 
181 0 |a i  
182 0 |a b 
200 1 |a Исследование тепловых свойств инварной керамики (ZrO2 -Al2O3) - ZrW2O8  |f А. И. Кондратенко, В. Р. Ше, Е. С. Дедова  |g науч. рук. Е. С. Дедова 
203 |a Текст  |c электронный 
225 1 |a Технологии материалов новых поколений и наноматериалов 
230 |a 1 компьютерный файл (pdf; 310 Kb) 
300 |a Заглавие с титульного экрана 
330 |a Керамические композиты (ZrO2 - 20 об% Al2O3) - ZrW2O8, получены методом горячего прессования и свободного спекания. Определено влияние вольфрамата циркония на тепловые свойства керамических композиционных материалов. Показано, что введение ZrW2O8 приводит к понижению значений коэффициента термического расширения композитов. 
463 1 |0 (RuTPU)RU\TPU\conf\20333  |t Высокие технологии в современной науке и технике (ВТСНТ-2016)  |o сборник научных трудов V Международной научно-технической конференции молодых ученых, аспирантов и студентов, г. Томск, 5–7 декабря 2016 г.  |f Национальный исследовательский Томский политехнический университет (ТПУ) ; под ред. А. Н. Яковлева  |v [С. 111-112]  |d 2016 
610 1 |a труды учёных ТПУ 
610 1 |a электронные ресурсы 
610 1 |a керамические композиты 
610 1 |a прессование 
610 1 |a свободное спекание 
610 1 |a вольфрамат циркония 
610 1 |a тепловые свойства 
610 1 |a термическое расширение 
700 1 |a Кондратенко  |b А. И. 
701 1 |a Ше  |b В. Р. 
701 1 |a Дедова  |b Е. С.  |c специалист в области материаловедения  |c ассистент кафедры Томского политехнического университета  |f 1987-  |g Елена Сергеевна  |2 stltpush  |3 (RuTPU)RU\TPU\pers\32944 
702 1 |a Дедова  |b Е. С.  |c специалист в области материаловедения  |c ассистент кафедры Томского политехнического университета  |f 1987-  |g Елена Сергеевна  |2 stltpush  |4 727 
712 0 2 |a Национальный исследовательский Томский политехнический университет (ТПУ)  |b Институт физики высоких технологий (ИФВТ)  |b Кафедра материаловедения в машиностроении (ММС)  |h 74  |2 stltpush  |3 (RuTPU)RU\TPU\col\18688 
801 2 |a RU  |b 63413507  |c 20170207  |g RCR 
856 4 |u http://earchive.tpu.ru/handle/11683/36450 
942 |c BK